[Event "POL-chT 2nd League"]
[Site "Jastrzebia Gora"]
[Date "2016.09.09"]
[Round "7.39"]
[White "Meczynski, Waldemar"]
[Black "Maciaga, Marcin"]
[Result "0-1"]
[WhiteElo "2032"]
[BlackElo "2120"]
[PlyCount "108"]
[EventDate "2016.09.03"]
[EventType "team-swiss"]
[EventRounds "9"]
[EventCountry "POL"]
[SourceTitle "EXT 2017"]
[Source "ChessBase"]
[SourceDate "2016.10.25"]
[SourceVersion "1"]
[SourceVersionDate "2016.10.25"]
[SourceQuality "1"]
[WhiteTeam "Konin Hetman"]
[BlackTeam "Zielonka Zieloni"]
[WhiteTeamCountry "POL"]
[BlackTeamCountry "POL"]

1. e4 c5 2. b4 d6 3. bxc5 dxc5 4. Bb2 Nc6 5. Bc4 Nf6 6. d3 g6 7. Nd2 Bg7 8. Rb1 0-0 9. a3 a6 10. Ngf3 b5 11. Ba2 Bb7 12. 0-0 Rc8 13. Re1 e6 14. e5 Nd7 15. Rc1 Qc7 16. Qe2 Ne7 17. Ne4 Nxe5 18. Nxe5 Bxe5 19. Nf6+ Bxf6 20. Bxf6 c4 21. dxc4 bxc4 22. c3 Nd5 23. Be5 Qc6 24. f3 f6 25. Bg3 e5 26. Red1 Kg7 27. Kh1 Rfd8 28. Bb1 Qa4 29. Be4 Nxc3 30. Bc2 Nxe2 31. Bxa4 Nxc1 32. Rxc1 Rd3 33. Ra1 c3 34. Bc2 Rd2 35. Rc1 g5 36. h3 h5 37. Be1 g4 38. Bb3 gxf3 39. Bxd2 fxg2+ 40. Kh2 cxd2 41. Rxc8 Bxc8 42. Kxg2 Kh6 43. Kf2 Bxh3 44. Ke2 h4 45. Kxd2 Bg2 46. Ke3 Bc6 47. Kf2 Kg5 48. Kg1 f5 49. Kh2 f4 50. a4 a5 51. Kh3 e4 52. Bd1 e3 53. Kh2 f3 54. Kg1 e2 0-1

[Event "POL-chT 2nd League"]
[Site "Jastrzebia Gora"]
[Date "2016.09.05"]
[Round "3.9"]
[White "Meczynski, Waldemar"]
[Black "Kowalczyk, Pawel"]
[Result "0-1"]
[WhiteElo "2032"]
[BlackElo "2303"]
[PlyCount "124"]
[EventDate "2016.09.03"]
[EventType "team-swiss"]
[EventRounds "9"]
[EventCountry "POL"]
[SourceTitle "EXT 2017"]
[Source "ChessBase"]
[SourceDate "2016.10.25"]
[SourceVersion "1"]
[SourceVersionDate "2016.10.25"]
[SourceQuality "1"]
[WhiteTeam "Konin Hetman"]
[BlackTeam "Pegow Wieza"]
[WhiteTeamCountry "POL"]
[BlackTeamCountry "POL"]

1. e4 c5 2. b4 cxb4 3. Bb2 Nf6 4. e5 Nd5 5. Bc4 Nb6 6. Bb3 d5 7. exd6 Qxd6 8. Nf3 Nc6 9. 0-0 Bf5 10. a3 e6 11. axb4 Qxb4 12. d4 Qd6 13. c4 Qd8 14. d5 Nb4 15. Nd4 Bxb1 16. Rxb1 e5 17. Re1 Be7 18. Nf5 0-0 19. Nxe7+ Qxe7 20. Bxe5 Rfe8 21. Bc3 Qf8 22. Qd4 Na6 23. d6 Rxe1+ 24. Rxe1 Nd7 25. Ba4 Ndc5 26. d7 Ne6 27. Qg4 Kh8 28. h4 Nac5 29. Bb4 a5 30. Ba3 b6 31. h5 h6 32. Rd1 Rd8 33. Bc2 Qg8 34. Rd6 Nxd7 35. Qf5 Nf6 36. Rxb6 Nd4 37. Qd3 Qe8 38. Kf1 Nb5 39. Bd6 Na7 40. c5 Kg8 41. Rb7 Nc8 42. Rxf7 Rxd6 43. Rxg7+ Kxg7 44. cxd6 Nb6 45. Qg3+ Kh8 46. Qc3 Qe6 47. Qxa5 Qc4+ 48. Ke1 Qxc2 49. Qxb6 Qc3+ 50. Kd1 Qa1+ 51. Kc2 Qa4+ 52. Kb2 Qd7 53. Qd4 Kg7 54. g4 Kf7 55. Qd3 Qxg4 56. Qe3 Qxh5 57. Qe7+ Kg6 58. Ka3 Qf3+ 59. Ka4 Qxf2 60. Kb5 h5 61. Kc6 Qc2+ 62. Kb7 Qe4+ 0-1

[Event "Poznan op 24th"]
[Site "Poznan"]
[Date "2016.08.13"]
[Round "7"]
[White "Meczynski, Waldemar"]
[Black "Lisiecki, Robert"]
[Result "1/2-1/2"]
[WhiteElo "2032"]
[BlackElo "1774"]
[PlyCount "35"]
[EventDate "2016.08.08"]
[EventType "swiss"]
[EventRounds "9"]
[EventCountry "POL"]
[SourceTitle "CBM 173 Extra"]
[Source "ChessBase"]
[SourceDate "2016.08.29"]
[SourceVersion "1"]
[SourceVersionDate "2016.08.29"]
[SourceQuality "1"]

1. e4 c5 2. Nf3 e6 3. d4 cxd4 4. Nxd4 Nf6 5. Nc3 Bb4 6. Bd3 Nc6 7. Nde2 d5 8. exd5 Nxd5 9. 0-0 Bxc3 10. Nxc3 Nxc3 11. bxc3 0-0 12. Qh5 f5 13. f4 Bd7 14. Be3 Qf6 15. Rab1 b6 16. Rb3 Rac8 17. Rd1 Rfd8 18. Bb5 1/2-1/2

[Event "Poznan op 24th"]
[Site "Poznan"]
[Date "2016.08.11"]
[Round "4"]
[White "Szafranski, Piotr"]
[Black "Meczynski, Waldemar"]
[Result "0-1"]
[WhiteElo "1331"]
[BlackElo "2032"]
[PlyCount "32"]
[EventDate "2016.08.08"]
[EventType "swiss"]
[EventRounds "9"]
[EventCountry "POL"]
[SourceTitle "CBM 173 Extra"]
[Source "ChessBase"]
[SourceDate "2016.08.29"]
[SourceVersion "1"]
[SourceVersionDate "2016.08.29"]
[SourceQuality "1"]

1. d4 Nf6 2. Nf3 e6 3. e3 d5 4. Bd3 c5 5. 0-0 Nbd7 6. Re1 b6 7. Bf1 Qc7 8. Nbd2 Bb7 9. c3 Be7 10. e4 dxe4 11. Ng5 cxd4 12. cxd4 0-0 13. Ngxe4 Rfd8 14. g3 e5 15. dxe5 Nxe5 16. Re3 Nxe4 0-1

[Event "POL-chT 2nd League"]
[Site "Jastrzebia Gora"]
[Date "2015.09.07"]
[Round "3.92"]
[White "Bajerlein, Dawid"]
[Black "Meczynski, Waldemar"]
[Result "1-0"]
[WhiteElo "2060"]
[BlackElo "2106"]
[PlyCount "121"]
[EventDate "2015.09.05"]
[EventType "team-swiss"]
[EventRounds "9"]
[EventCountry "POL"]
[SourceTitle "EXT 2017"]
[Source "ChessBase"]
[SourceDate "2016.10.25"]
[SourceVersion "1"]
[SourceVersionDate "2016.10.25"]
[SourceQuality "1"]
[WhiteTeam "Steszew Lipno"]
[BlackTeam "Konin Hetman"]
[WhiteTeamCountry "POL"]
[BlackTeamCountry "POL"]

1. d4 Nf6 2. c4 e6 3. Nc3 Bb4 4. Qc2 c5 5. dxc5 Bxc5 6. Nf3 0-0 7. Bg5 h6 8. Bh4 Be7 9. e4 d6 10. Be2 a6 11. 0-0 Qc7 12. Rad1 Nbd7 13. Nd4 Ne5 14. f4 Ng6 15. Bg3 e5 16. fxe5 dxe5 17. Nf5 Bc5+ 18. Kh1 Bxf5 19. exf5 Nf4 20. Bf3 Rad8 21. Bxf4 exf4 22. Nd5 Nxd5 23. Bxd5 Qe5 24. Rfe1 Be3 25. b3 b6 26. Qd3 Rfe8 27. Re2 f3 28. gxf3 Qf4 29. Rde1 Qxf3+ 30. Bxf3 Rxd3 31. b4 Re5 32. Kg2 f6 33. Bd5+ Kf8 34. Be6 g5 35. c5 bxc5 36. bxc5 Bxc5 37. Rxe5 fxe5 38. Rxe5 Rd2+ 39. Kf3 Bd6 40. Ra5 Ke7 41. Rxa6 Rxh2 42. Bb3 Rd2 43. f6+ Kxf6 44. Ke3 Rh2 45. Rxd6+ Ke5 46. Rd5+ Kf6 47. Bc4 Rh3+ 48. Kf2 Ra3 49. Rd6+ Kg7 50. Ra6 Rxa6 51. Bxa6 Kf6 52. Be2 Ke5 53. Ke3 Kd5 54. Kd3 Kc5 55. Kc3 Kb6 56. Kb4 Ka7 57. Kb5 Kb7 58. Bf3+ Kc7 59. a4 Kb8 60. Kb6 Kc8 61. a5 1-0

[Event "POL-chT3 Wielkopolskie 1314"]
[Site "Poland"]
[Date "2014.02.16"]
[Round "6.32"]
[White "Pogorzelski, Adrian"]
[Black "Meczynski, Waldemar"]
[Result "0-1"]
[WhiteElo "2015"]
[BlackElo "2129"]
[PlyCount "68"]
[EventDate "2013.10.27"]
[EventType "team-tourn"]
[EventRounds "11"]
[EventCountry "POL"]
[SourceTitle "EXT 2015"]
[Source "ChessBase"]
[SourceDate "2014.11.20"]
[SourceVersion "1"]
[SourceVersionDate "2014.11.20"]
[SourceQuality "1"]
[WhiteTeam "Trzcianka MKS przy MDK"]
[BlackTeam "Konin Hetman"]
[WhiteTeamCountry "POL"]
[BlackTeamCountry "POL"]

1. Nf3 c5 2. c4 Nf6 3. Nc3 d5 4. cxd5 Nxd5 5. g3 Nc6 6. Bg2 Nc7 7. d3 e5 8. Qb3 Be7 9. Bd2 0-0 10. Rc1 Rb8 11. Ne4 b6 12. Bc3 Be6 13. Qa4 Bd7 14. 0-0 f6 15. Nfd2 Nd4 16. Qd1 f5 17. Nc4 fxe4 18. Bxe4 Bg4 19. f3 Bh3 20. Rf2 Bg5 21. e3 b5 22. f4 bxc4 23. exd4 cxd4 24. fxg5 Rxf2 25. Kxf2 Qxg5 26. Bd2 Rxb2 27. Ke1 Qf6 28. Qf3 c3 29. Bxc3 dxc3 30. Rxc3 Rb1+ 31. Ke2 Bg4 32. Qxg4 Qf1+ 33. Ke3 Re1+ 34. Kd2 Qf2+ 0-1

[Event "POL-chT2"]
[Site "Poronin"]
[Date "2013.09.12"]
[Round "6.68"]
[White "Meczynski, Waldemar"]
[Black "Kasperek, Ryszard"]
[Result "1/2-1/2"]
[WhiteElo "2133"]
[BlackElo "2210"]
[PlyCount "71"]
[EventDate "2013.09.06"]
[EventType "team-swiss"]
[EventRounds "9"]
[EventCountry "POL"]
[SourceTitle "EXT 2015"]
[Source "ChessBase"]
[SourceDate "2014.11.20"]
[SourceVersion "1"]
[SourceVersionDate "2014.11.20"]
[SourceQuality "1"]
[WhiteTeam "Konin Hetman"]
[BlackTeam "Debica Gryf"]
[WhiteTeamCountry "POL"]
[BlackTeamCountry "POL"]

1. e4 c5 2. Nf3 Nc6 3. d4 cxd4 4. Nxd4 g6 5. Nc3 Bg7 6. Be3 Nf6 7. Nxc6 bxc6 8. e5 Ng8 9. f4 f6 10. e6 d5 11. f5 Qd6 12. Qf3 Qe5 13. fxg6 hxg6 14. Bd3 Bxe6 15. Bxg6+ Bf7 16. Bxf7+ Kxf7 17. 0-0-0 Qxe3+ 18. Qxe3 Bh6 19. Qxh6 Rxh6 20. g4 Rg6 21. h3 e5 22. Ne2 Ne7 23. Ng3 Ke6 24. Rdf1 Rf8 25. Nf5 Rg5 26. Nxe7 Kxe7 27. Rh2 Rh8 28. Rhf2 Rg6 29. Rf3 Rgh6 30. Ra3 Ra8 31. Ra6 Kd6 32. b4 Rb8 33. c3 Rb7 34. a4 Rc7 35. h4 Rxh4 36. Rxf6+ 1/2-1/2

[Event "POL-chT2"]
[Site "Poronin"]
[Date "2013.09.09"]
[Round "3.32"]
[White "Stachanczyk, Jacek"]
[Black "Meczynski, Waldemar"]
[Result "1-0"]
[WhiteElo "2227"]
[BlackElo "2133"]
[PlyCount "69"]
[EventDate "2013.09.06"]
[EventType "team-swiss"]
[EventRounds "9"]
[EventCountry "POL"]
[SourceTitle "EXT 2015"]
[Source "ChessBase"]
[SourceDate "2014.11.20"]
[SourceVersion "1"]
[SourceVersionDate "2014.11.20"]
[SourceQuality "1"]
[WhiteTeam "Jaworzno JKSz MCKiS"]
[BlackTeam "Konin Hetman"]
[WhiteTeamCountry "POL"]
[BlackTeamCountry "POL"]

1. e4 c5 2. Nf3 e6 3. d4 cxd4 4. Nxd4 Nf6 5. Nc3 Nc6 6. Nxc6 bxc6 7. e5 Nd5 8. Ne4 Qc7 9. f4 Qb6 10. c4 Bb4+ 11. Ke2 f5 12. Nf2 Bc5 13. Nd3 Ne3 14. Qb3 Nxf1 15. Rxf1 Ba6 16. Qxb6 Bxb6 17. b3 Rc8 18. Be3 Bxe3 19. Kxe3 c5 20. Rf3 Rg8 21. Rg3 h6 22. h4 g6 23. Rd1 Bb7 24. Nb2 Ke7 25. Rd6 Rc7 26. Na4 Kf7 27. Nxc5 Ke7 28. Kd4 Ba8 29. b4 Rg7 30. Kc3 Rg8 31. Rgd3 Bc6 32. a4 Rd8 33. Nxe6 dxe6 34. Rxd8 Bxa4 35. Rh8 1-0

[Event "POL-chT 2nd League"]
[Site "Lazy"]
[Date "2012.09.07"]
[Round "7"]
[White "Meczynski, Waldemar"]
[Black "Krainski, Aleksander"]
[Result "1-0"]
[WhiteElo "2153"]
[BlackElo "2244"]
[PlyCount "63"]
[EventDate "2012.09.01"]
[EventType "team-swiss"]
[EventRounds "9"]
[EventCountry "POL"]
[SourceTitle "EXT 2019"]
[Source "ChessBase"]
[SourceDate "2018.10.10"]
[SourceVersion "1"]
[SourceVersionDate "2018.10.10"]
[SourceQuality "1"]
[WhiteTeam "Konin Hetman"]
[BlackTeam "Grudziadz Rotmistrz"]
[WhiteTeamCountry "POL"]
[BlackTeamCountry "POL"]

1. e4 e6 2. d4 d5 3. Nc3 Nf6 4. Bg5 Be7 5. e5 Nfd7 6. Bxe7 Qxe7 7. f4 0-0 8. Nf3 c5 9. Bd3 f6 10. 0-0 Nc6 11. exf6 Nxf6 12. dxc5 Qxc5+ 13. Kh1 Bd7 14. Ne5 Be8 15. Qe2 Nb4 16. Rae1 Qb6 17. f5 Nxd3 18. Qxd3 Rd8 19. fxe6 Qxe6 20. Qd4 Qb6 21. Qxb6 axb6 22. Kg1 Rc8 23. Rf4 Bc6 24. Rb4 Rfe8 25. Nf3 Rxe1+ 26. Nxe1 Be8 27. Nf3 Rc6 28. Kf1 Kf8 29. Ke1 Ke7 30. Nd4 Rc7 31. Rxb6 Bg6 32. Rxf6 1-0

[Event "POL-chT 2nd League"]
[Site "Lazy"]
[Date "2012.09.01"]
[Round "1"]
[White "Klekowski, Maciej"]
[Black "Meczynski, Waldemar"]
[Result "1-0"]
[WhiteElo "2332"]
[BlackElo "2153"]
[PlyCount "63"]
[EventDate "2012.09.01"]
[EventType "team-swiss"]
[EventRounds "9"]
[EventCountry "POL"]
[SourceTitle "EXT 2019"]
[Source "ChessBase"]
[SourceDate "2018.10.10"]
[SourceVersion "1"]
[SourceVersionDate "2018.10.10"]
[SourceQuality "1"]
[WhiteTeam "Czestochowa UKS Hetman"]
[BlackTeam "Konin Hetman"]
[WhiteTeamCountry "POL"]
[BlackTeamCountry "POL"]

1. c4 c5 2. Nc3 Nf6 3. g3 e6 4. Nf3 d5 5. cxd5 exd5 6. d4 Nc6 7. Bg2 cxd4 8. Nxd4 Be7 9. 0-0 0-0 10. Be3 Bg4 11. h3 Be6 12. Rc1 Qd7 13. g4 h5 14. Nxe6 fxe6 15. g5 Ne8 16. Ne4 b6 17. Ng3 Nd6 18. Bxd5 Rac8 19. Bg2 g6 20. Ne4 Ne5 21. Rxc8 Rxc8 22. Nxd6 Bxd6 23. Qb1 Kh7 24. b3 Bb8 25. Rd1 Qb5 26. Kf1 Rf8 27. Be4 Kg7 28. a4 Qe8 29. Kg2 Kh7 30. f4 Nc6 31. Bxg6+ Qxg6 32. Rd7+ 1-0

[Event "Poznan op"]
[Site "Poznan"]
[Date "2012.??.??"]
[Round "5"]
[White "Choroszej, Aleksander"]
[Black "Meczynski, Waldemar"]
[Result "1/2-1/2"]
[WhiteElo "2085"]
[BlackElo "2153"]
[PlyCount "112"]
[EventDate "2012.07.14"]
[EventType "swiss"]
[EventRounds "9"]
[EventCountry "POL"]
[SourceTitle "CBM 149 Extra"]
[Source "ChessBase"]
[SourceDate "2012.08.24"]
[SourceVersion "1"]
[SourceVersionDate "2012.08.24"]
[SourceQuality "1"]

1. d4 Nf6 2. c4 e6 3. Nc3 Bb4 4. f3 0-0 5. a3 Bxc3+ 6. bxc3 d6 7. e3 Nbd7 8. Bd3 e5 9. Ne2 Re8 10. Ng3 d5 11. cxd5 Nxd5 12. 0-0 c6 13. Qc2 h6 14. Kh1 exd4 15. exd4 Qc7 16. f4 N7f6 17. c4 Ne3 18. Bxe3 Rxe3 19. Qd2 Re8 20. Rae1 Be6 21. Ne4 Nxe4 22. Rxe4 Bd7 23. Rfe1 Rxe4 24. Bxe4 Re8 25. g3 Qd6 26. Re3 Kf8 27. Bf3 Rxe3 28. Qxe3 Qe7 29. Qxe7+ Kxe7 30. Kg1 Bf5 31. Kf2 Bd3 32. c5 Bc4 33. Ke3 Ke6 34. Bg4+ f5 35. Bh3 Bd5 36. Bf1 b6 37. cxb6 axb6 38. Bd3 Bg2 39. Bc4+ Bd5 40. Bd3 Bg2 41. Bc4+ Kd6 42. Bd3 Bh3 43. Bc2 Ke6 44. Bd3 Kd6 45. Bc2 Ke7 46. Kd3 Bg4 47. Kc3 Kd6 48. Kd3 c5 49. dxc5+ Kxc5 50. Kc3 g5 51. Bb3 gxf4 52. gxf4 Bh3 53. Be6 h5 54. Kd3 h4 55. Kc3 Bg4 56. Kd3 Bh3 1/2-1/2

[Event "POL-chT3 Wielkopolska 1112"]
[Site "Poland"]
[Date "2012.??.??"]
[Round "6.8"]
[White "Krasinski, Rafal"]
[Black "Meczynski, Waldemar"]
[Result "0-1"]
[WhiteElo "1927"]
[BlackElo "2130"]
[PlyCount "58"]
[EventDate "2011.11.27"]
[EventType "team-tourn"]
[EventRounds "11"]
[EventCountry "POL"]
[SourceTitle "EXT 2014"]
[Source "ChessBase"]
[SourceDate "2013.11.20"]
[SourceVersion "1"]
[SourceVersionDate "2013.11.20"]
[SourceQuality "1"]
[WhiteTeam "Poznan Komandoria"]
[BlackTeam "Konin Hetman"]
[WhiteTeamCountry "POL"]
[BlackTeamCountry "POL"]

1. Nf3 c5 2. d4 cxd4 3. Nxd4 b6 4. c4 Bb7 5. Nc3 Nf6 6. Bg5 a6 7. Qb3 Nc6 8. Rd1 Na5 9. Qa4 Rc8 10. e3 e6 11. f4 Qc7 12. f5 Nxc4 13. Bxc4 Qxc4 14. Bxf6 gxf6 15. fxe6 fxe6 16. Qc2 Bb4 17. Rc1 f5 18. Qf2 Rg8 19. Rg1 Qd3 20. Nde2 Bc5 21. Qh4 Qxe3 22. Qxh7 Qg5 23. Rd1 Qg7 24. Qh4 Bxg1 25. Nf4 Bc5 26. Qh5+ Ke7 27. Qe2 Bb4 28. Qd3 Bxc3+ 29. Ke2 Qe5+ 0-1

[Event "POL-chT3 Wielkopolska 1112"]
[Site "Poland"]
[Date "2012.??.??"]
[Round "7.8"]
[White "Meczynski, Waldemar"]
[Black "Kozlowski, Tomasz"]
[Result "1-0"]
[WhiteElo "2130"]
[BlackElo "1963"]
[PlyCount "114"]
[EventDate "2011.11.27"]
[EventType "team-tourn"]
[EventRounds "11"]
[EventCountry "POL"]
[SourceTitle "EXT 2014"]
[Source "ChessBase"]
[SourceDate "2013.11.20"]
[SourceVersion "1"]
[SourceVersionDate "2013.11.20"]
[SourceQuality "1"]
[WhiteTeam "Konin Hetman"]
[BlackTeam "Srem LKS Piast"]
[WhiteTeamCountry "POL"]
[BlackTeamCountry "POL"]

1. e4 d5 2. exd5 Nf6 3. d4 Bg4 4. Be2 Bxe2 5. Qxe2 Qxd5 6. Nf3 Nc6 7. c3 e6 8. Bf4 Bd6 9. Bxd6 Qxd6 10. Nbd2 0-0 11. Ne5 Qd5 12. f4 Ne7 13. 0-0 c5 14. Nb3 cxd4 15. Nxd4 Rfd8 16. a3 Nf5 17. Nxf5 exf5 18. Rad1 Qe4 19. Qxe4 Nxe4 20. Rfe1 f6 21. Nf3 Kf7 22. Nd4 g6 23. g4 Rd5 24. gxf5 gxf5 25. Nxf5 Rg8+ 26. Kf1 Nd2+ 27. Rxd2 Rxd2 28. Nh6+ Kg7 29. Nxg8 Kxg8 30. Re2 Rd7 31. Kf2 Kf7 32. Ke3 Kg6 33. Rd2 Re7+ 34. Kf3 Kf5 35. Rd5+ Kg6 36. c4 Rc7 37. c5 b6 38. b4 bxc5 39. bxc5 f5 40. Ke3 Kf6 41. Kd4 h5 42. h4 Ke6 43. Rd6+ Ke7 44. Kd5 Rb7 45. Rh6 Rb3 46. Rh7+ Kd8 47. Rxa7 Rd3+ 48. Ke5 Rc3 49. Kd6 Rd3+ 50. Kc6 Rd4 51. Rh7 Rxf4 52. Rxh5 Ra4 53. Rxf5 Rxh4 54. Rf8+ Ke7 55. Rc8 Rh6+ 56. Kc7 Rh2 57. c6 Rc2 1-0

[Event "POL-chT3 Wielkopolska 1112"]
[Site "Poland"]
[Date "2012.??.??"]
[Round "11.14"]
[White "Piechota, Pawel"]
[Black "Meczynski, Waldemar"]
[Result "0-1"]
[WhiteElo "2086"]
[BlackElo "2130"]
[PlyCount "84"]
[EventDate "2011.11.27"]
[EventType "team-tourn"]
[EventRounds "11"]
[EventCountry "POL"]
[SourceTitle "EXT 2014"]
[Source "ChessBase"]
[SourceDate "2013.11.20"]
[SourceVersion "1"]
[SourceVersionDate "2013.11.20"]
[SourceQuality "1"]
[WhiteTeam "Szamotuly Baszta"]
[BlackTeam "Konin Hetman"]
[WhiteTeamCountry "POL"]
[BlackTeamCountry "POL"]

1. d4 Nf6 2. c4 e6 3. Nc3 Bb4 4. a3 Bxc3+ 5. bxc3 b6 6. f3 d6 7. e4 Nbd7 8. Bd3 e5 9. Ne2 0-0 10. Bg5 h6 11. Be3 Re8 12. Qd2 c6 13. 0-0 Nf8 14. Bc2 b5 15. cxb5 cxb5 16. d5 N8h7 17. Rfb1 a6 18. a4 Bd7 19. Rb4 Qc7 20. Bd3 bxa4 21. Rab1 Reb8 22. Qb2 Rxb4 23. Qxb4 Nf8 24. Bb6 Qb8 25. Qa5 Ne8 26. c4 Qc8 27. Nc3 f5 28. c5 dxc5 29. Bxc5 Bb5 30. Bxf8 Bxd3 31. Rd1 fxe4 32. fxe4 Bc2 33. Rd2 Kxf8 34. Rxc2 Nd6 35. Qb4 Qc7 36. Qxa4 Qc5+ 37. Rf2+ Kg8 38. Qc6 Rc8 39. Qxc5 Rxc5 40. Rf3 Rc4 41. Re3 a5 42. Kf2 Rxc3 0-1

[Event "Poznan op"]
[Site "Poznan"]
[Date "2012.??.??"]
[Round "7"]
[White "Zakrzewski, Marek"]
[Black "Meczynski, Waldemar"]
[Result "1/2-1/2"]
[WhiteElo "2112"]
[BlackElo "2153"]
[PlyCount "66"]
[EventDate "2012.07.14"]
[EventType "swiss"]
[EventRounds "9"]
[EventCountry "POL"]
[SourceTitle "CBM 149 Extra"]
[Source "ChessBase"]
[SourceDate "2012.08.24"]
[SourceVersion "1"]
[SourceVersionDate "2012.08.24"]
[SourceQuality "1"]

1. e4 c5 2. Nf3 e6 3. d4 cxd4 4. Nxd4 Nf6 5. Nc3 Nc6 6. Ndb5 d6 7. Bf4 e5 8. Bg5 a6 9. Na3 b5 10. Bxf6 gxf6 11. Nd5 Bg7 12. c3 0-0 13. Nc2 f5 14. exf5 Bxf5 15. Nce3 Be6 16. Bd3 f5 17. 0-0 Rb8 18. a4 Ne7 19. Nxe7+ Qxe7 20. axb5 axb5 21. Ra5 b4 22. Bc4 bxc3 23. bxc3 e4 24. Rxf5 Bxc4 25. Rxf8+ Rxf8 26. Nxc4 Qe6 27. Ne3 Bxc3 28. Qh5 Bd4 29. Rd1 Bc5 30. Rd2 Kh8 31. h3 Qf6 32. Qd5 Qf4 33. Qb3 Qe5 1/2-1/2

[Event "POL-chT 2nd League"]
[Site "Mrzezyno"]
[Date "2011.09.09"]
[Round "7"]
[White "Meczynski, Waldemar"]
[Black "Urbanski, Grzegorz"]
[Result "1/2-1/2"]
[WhiteElo "2132"]
[BlackElo "2177"]
[PlyCount "78"]
[EventDate "2011.09.03"]
[EventType "team-swiss"]
[EventRounds "9"]
[EventCountry "POL"]
[SourceTitle "EXT 2015"]
[Source "ChessBase"]
[SourceDate "2014.11.20"]
[SourceVersion "1"]
[SourceVersionDate "2014.11.20"]
[SourceQuality "1"]
[WhiteTeam "Konin Hetman"]
[BlackTeam "Mikolow AKS"]
[WhiteTeamCountry "POL"]
[BlackTeamCountry "POL"]

1. e4 c5 2. b4 b6 3. bxc5 bxc5 4. Bc4 Nc6 5. Nf3 e6 6. 0-0 Nf6 7. Re1 d6 8. Bb2 Rb8 9. Bc3 e5 10. d3 g6 11. Nbd2 Bh6 12. Nf1 0-0 13. Ne3 Be6 14. Bxe6 fxe6 15. Nc4 Nh5 16. g3 Rb7 17. Rf1 Rbf7 18. Ne1 d5 19. Nxe5 Nxe5 20. Bxe5 Be3 21. Qg4 Qb6 22. Ng2 Bxf2+ 23. Kh1 dxe4 24. Qxe4 Nf6 25. Bxf6 Rxf6 26. Nf4 Bd4 27. Rab1 Qa5 28. Rfe1 Qxa2 29. c4 Bc3 30. Rec1 e5 31. Nh3 R6f7 32. Qd5 Kg7 33. Qxc5 Bd4 34. Qd5 Qe2 35. Nf4 exf4 36. Qxd4+ Kh6 37. Qe4 Qxe4+ 38. dxe4 fxg3 39. hxg3 Rf2 1/2-1/2

[Event "POL-chT 2nd League"]
[Site "Mrzezyno"]
[Date "2011.09.06"]
[Round "4"]
[White "Bartkowiak, Damian"]
[Black "Meczynski, Waldemar"]
[Result "1/2-1/2"]
[WhiteElo "2119"]
[BlackElo "2132"]
[PlyCount "115"]
[EventDate "2011.09.03"]
[EventType "team-swiss"]
[EventRounds "9"]
[EventCountry "POL"]
[SourceTitle "EXT 2015"]
[Source "ChessBase"]
[SourceDate "2014.11.20"]
[SourceVersion "1"]
[SourceVersionDate "2014.11.20"]
[SourceQuality "1"]
[WhiteTeam "Kornik MUKS Wieza Kornicka"]
[BlackTeam "Konin Hetman"]
[WhiteTeamCountry "POL"]
[BlackTeamCountry "POL"]

1. d4 Nf6 2. Nf3 e6 3. c4 Bb4+ 4. Nc3 c5 5. g3 cxd4 6. Nxd4 Ne4 7. Qd3 Qa5 8. Nc2 Bxc3+ 9. bxc3 Nc5 10. Qe3 b6 11. Bg2 Bb7 12. Bxb7 Nxb7 13. Ba3 Nc6 14. Rd1 Nc5 15. 0-0 0-0 16. Bxc5 bxc5 17. Rxd7 Qxa2 18. Qe4 Ne5 19. Rb7 Nxc4 20. Ra1 Nd6 21. Rxa2 Nxe4 22. c4 a5 23. Ne1 Nd6 24. Rd7 Nxc4 25. Nd3 Rfc8 26. Rc2 Nb6 27. Rb7 Nd5 28. Rxc5 Rxc5 29. Nxc5 Nc3 30. Rb2 Kf8 31. Rc2 Nd5 32. e4 Nb4 33. Rc4 Ke7 34. Nb3 Nd3 35. Ra4 Rb8 36. Nxa5 Rb1+ 37. Kg2 Rb2 38. Nc6+ Kf6 39. Rd4 Rxf2+ 40. Kg1 Rd2 41. e5+ Kg5 42. h4+ Kh5 43. Rd7 Rd1+ 44. Kh2 Rc1 45. Rxd3 Rxc6 46. Rf3 Kg6 47. h5+ Kxh5 48. Rxf7 Kh6 49. Re7 g6 50. Kh3 Kg5 51. Rxh7 Rc5 52. Rh4 Rxe5 53. Rg4+ Kf6 54. Ra4 Re3 55. Rf4+ Kg5 56. Rg4+ Kf6 57. Rf4+ Kg5 58. Rg4+ 1/2-1/2

[Event "POL-chT 2nd League"]
[Site "Mrzezyno"]
[Date "2011.09.05"]
[Round "3.92"]
[White "Meczynski, Waldemar"]
[Black "Stepniak, Przemyslaw"]
[Result "1-0"]
[WhiteElo "2132"]
[BlackElo "1879"]
[PlyCount "127"]
[EventDate "2011.09.03"]
[EventType "team-swiss"]
[EventRounds "9"]
[EventCountry "POL"]
[SourceTitle "EXT 2019"]
[Source "ChessBase"]
[SourceDate "2018.10.10"]
[SourceVersion "1"]
[SourceVersionDate "2018.10.10"]
[SourceQuality "1"]
[WhiteTeam "Konin Hetman"]
[BlackTeam "Lubsko Caissa"]
[WhiteTeamCountry "POL"]
[BlackTeamCountry "POL"]

1. e4 c6 2. d4 d5 3. exd5 cxd5 4. Bd3 Nc6 5. c3 e6 6. Bf4 f5 7. Qe2 Be7 8. Nf3 Nf6 9. Ne5 0-0 10. Nd2 Ne4 11. f3 Nxd2 12. Qxd2 Nxe5 13. Bxe5 Bd7 14. 0-0 a5 15. Kh1 b5 16. b4 axb4 17. cxb4 Ra4 18. a3 Qa8 19. Qb2 Rc8 20. g4 Qb7 21. Rg1 g6 22. gxf5 exf5 23. h4 Qb6 24. Bc2 Ra6 25. Bb3 Be6 26. f4 Bxh4 27. Qh2 Qd8 28. a4 bxa4 29. Rxa4 Rxa4 30. Bxa4 Bf6 31. Rb1 Bxe5 32. fxe5 Qg5 33. Bb3 Qe3 34. Qg1 Qe4+ 35. Kh2 Rc3 36. Qg5 Qe2+ 37. Kg1 Qg4+ 38. Qxg4 fxg4 39. b5 Rc8 40. b6 Rb8 41. Bc2 h5 42. b7 h4 43. Rb6 Kf7 44. Bb3 Ke7 45. Kg2 g5 46. Kh2 g3+ 47. Kg2 g4 48. Ba2 Kd7 49. Rd6+ Ke7 50. Rb6 Bf7 51. Rf6 Be6 52. Rh6 Rxb7 53. Rh7+ Bf7 54. Rxf7+ Kxf7 55. Bxd5+ Kg6 56. Bxb7 Kf5 57. Be4+ Kxe4 58. e6 Kf4 59. e7 h3+ 60. Kg1 Kf3 61. e8Q h2+ 62. Kh1 Kf2 63. Qf7+ Ke3 64. d5 1-0

[Event "POL-chT3 2010/11"]
[Site "Wielkopolska"]
[Date "2011.04.02"]
[Round "9"]
[White "Sklepinski, Artur"]
[Black "Meczynski, Waldemar"]
[Result "0-1"]
[WhiteElo "1722"]
[BlackElo "2127"]
[PlyCount "88"]
[EventDate "2010.11.28"]
[EventType "team-tourn"]
[EventRounds "11"]
[EventCountry "POL"]
[SourceTitle "EXT 2019"]
[Source "ChessBase"]
[SourceDate "2018.10.10"]
[SourceVersion "1"]
[SourceVersionDate "2018.10.10"]
[SourceQuality "1"]
[WhiteTeam "Poznan Raszyn"]
[BlackTeam "Konin Hetman"]
[WhiteTeamCountry "POL"]
[BlackTeamCountry "POL"]

1. d4 Nf6 2. Nf3 e6 3. c4 d5 4. Nc3 c5 5. cxd5 exd5 6. g3 Nc6 7. Bg2 Be7 8. 0-0 0-0 9. Bf4 c4 10. Ne5 Bf5 11. b3 Bb4 12. Nxc6 bxc6 13. Na4 c3 14. Qc1 c2 15. a3 Be7 16. Nb2 Qb6 17. Qe3 Rfe8 18. Qc3 c5 19. dxc5 Qxc5 20. Qxc5 Bxc5 21. Nd3 Bd4 22. Ra2 Rxe2 23. Nb4 Rc8 24. Nxd5 Nxd5 25. Bxd5 c1Q 26. Rxe2 Qxa3 27. Rfe1 h6 28. Re7 Bg6 29. Bc4 Qb2 30. R1e2 Qa1+ 31. Kg2 a5 32. Ba6 Rc2 33. Re8+ Kh7 34. Bd2 Bf5 35. g4 Bg6 36. h4 Qa2 37. h5 Rxd2 38. hxg6+ Kxg6 39. Rxd2 Qxd2 40. Re2 Qf4 41. Bd3+ Kg5 42. f3 Kh4 43. Be4 Qg3+ 44. Kh1 Qg1# 0-1